UK Birthplaces of Famous People (with map) - Statistics

General Stats
  • This quiz has been taken 182 times
  • The average score is 19 of 40
Answers on the Map
Answers color-coded by a green-red scale on the quiz's map according to % correct below.
 
Answer Stats
Answer % Correct
Belfast (Lord Kelvin, Physicist)
68%
Bristol (Cary Grant, Actor)
67%
Cardiff (Geraint Thomas, Cyclist)
66%
Portsmouth (Charles Dickens, Author)
66%
Liverpool (John Lennon, Musician)
65%
Penzance (Humphry Davy, Chemist)
64%
Kingston upon Hull) (Amy Johnson, Pilot)
62%
Edinburgh (Arthur Conan Doyle, Author)
61%
Norwich (Philip Pullman, Writer)
60%
Torquay (Agatha Christie, Author)
59%
Oxford (Stephen Hawking, Physicist)
57%
Canterbury (Orlando Bloom, Actor)
56%
Swansea (Dylan Thomas, Poet)
55%
Ipswich (Ralph Fiennes, Actor)
54%
Glasgow (Andy Murray, Tennis Player)
53%
Greenwich (Henry VIII, Monarch)
52%
York (Guy Fawkes, Conspirator)
52%
Manchester (Davy Jones, Musician)
50%
Birmingham (Neville Chamberlain, Politician)
48%
Tavistock (Francis Drake - Explorer)
48%
Middlesbrough (James Cook, Explorer)
47%
Ballymena (Liam Neeson, Actor)
46%
Colwyn Bay (Timothy Dalton, Actor)
45%
Grantham (Margaret Thatcher, Politician)
45%
Shrewsbury (Charles Darwin - Naturalist)
44%
Leeds (Herbert Asquith, Politician)
43%
Cockermouth (William Wordsworth, Poet)
40%
Huntingdon (Oliver Cromwell, Statesman)
36%
Stevenage (Lewis Hamilton, Racing driver)
36%
Coventry (Frank Whittle, Inventor)
34%
Perth (Ewan McGregor, Actor)
34%
Stratford-u-Avon (Wm. Shakespeare, Playwright)
32%
Alloway (Robert Burns, Poet)
31%
Kirkcaldy (Adam Smith, Economist)
30%
Tremadog (T. E. Lawrence, Army Officer)
30%
Burnham Thorpe (Horatio Nelson, Admiral)
29%
Greenock (James Watt, Inventor)
26%
Brechin (Robert Watson-Watt, Inventor)
25%
Wylam (George Stephenson, Engineer)
23%
Berkeley (Edward Jenner, Physician)
14%
No matching quizzes found
Score Distribution
Percent of People with Each Score
Percentile by Number Answered
Your Score History
You have not taken this quiz